[Event "CAN-ch Amateur U2100"]
[Site "Kitchener CAN"]
[Date "2010.08.02"]
[Round "7"]
[White "Knechtel, Tim"]
[Black "Bzikot, Robert"]
[Result "0-1"]
[WhiteElo "1761"]
[BlackElo "2004"]
[PlyCount "104"]
[EventDate "2010.07.30"]
[EventType "swiss"]
[EventRounds "7"]
[EventCountry "CAN"]

1. d3 e5 2. e4 c6 3. Nf3 d6 4. Be2 Be6 5. Nbd2 g6 6. c3 Bg7 7. Qc2 Ne7 8. O-O
O-O 9. Re1 f5 10. Bf1 f4 11. d4 h6 12. Nc4 b5 13. Na3 Bg4 14. d5 cxd5 15. exd5
Bxf3 16. gxf3 a6 17. Bd3 Nf5 18. Kh1 Nh4 19. Be4 Nd7 20. Rg1 g5 21. Qe2 Qe8 22.
Nc2 Qh5 23. Ne1 Nf6 24. Bd2 Nxe4 25. Qxe4 Rac8 26. b3 Rc5 27. Rg4 Qf7 28. c4
Rcc8 29. Rc1 bxc4 30. bxc4 Qd7 31. Ng2 Nxg2 32. Kxg2 Qf5 33. Bb4 Qxe4 34. fxe4
Rfd8 35. Ba5 Rd7 36. Bb6 Bf8 37. a4 Be7 38. Kh1 Kf7 39. f3 Rb7 40. a5 Bd8 41.
Bxd8 Rxd8 42. c5 Rb5 43. cxd6 Rxd6 44. Ra1 Rb3 45. Kg2 Kg6 46. h4 Rb2+ 47. Kh3
Rf2 48. Ra3 Rd8 49. Rg1 Rb8 50. Rg2 Rf1 51. hxg5 hxg5 52. Rg4 Rb2 0-1

[Event "CAN-ch Amateur U2100"]
[Site "Kitchener CAN"]
[Date "2010.08.02"]
[Round "7"]
[White "Piccinin, Mario"]
[Black "Both, Aaron"]
[Result "0-1"]
[WhiteElo "1768"]
[BlackElo "2009"]
[PlyCount "136"]
[EventDate "2010.07.30"]
[EventType "swiss"]
[EventRounds "7"]
[EventCountry "CAN"]

1. f4 Nc6 2. Nf3 Nf6 3. d4 d5 4. e3 a6 5. a3 Bg4 6. Nbd2 e6 7. Bd3 Bd6 8. h3
Bh5 9. g4 Bg6 10. Qe2 Ne4 11. Qg2 Be7 12. h4 h5 13. g5 Nxd2 14. Bxd2 Bxd3 15.
cxd3 Bd6 16. Rc1 Qd7 17. Ne5 Bxe5 18. dxe5 O-O-O 19. d4 Kb8 20. O-O Rhg8 21.
Qe2 f6 22. Kh2 Ne7 23. Kh3 Nf5 24. b3 fxe5 25. fxe5 g6 26. a4 Rc8 27. Qd1 c5
28. Rf4 cxd4 29. exd4 Rxc1 30. Bxc1 Rc8 31. Bb2 Rc6 32. Qd3 Qc7 33. Rf2 Qb6 34.
Rd2 Qb4 35. Rd1 Rb6 36. a5 Qxa5 37. Bc3 Qa2 38. b4 Rc6 39. Ra1 Qb3 40. Rc1 Rc4
41. b5 Rxd4 42. Qb1 Qxb1 43. Rxb1 Rd3+ 44. Kh2 Rxc3 45. bxa6 d4 46. Rxb7+ Ka8
47. Rd7 d3 48. Kg1 Nxh4 49. Kf2 Rc2+ 50. Ke1 Nf3+ 51. Kd1 Nxe5 52. Rd6 Nc4 53.
Rxd3 Rd2+ 54. Rxd2 Nxd2 55. Kxd2 Ka7 56. Ke3 Kxa6 57. Ke4 Kb5 58. Ke5 Kc5 59.
Kxe6 h4 60. Kf6 h3 61. Kxg6 h2 62. Kf7 h1=Q 63. g6 Qf3+ 64. Kg8 Kd6 65. g7 Ke7
66. Kh7 Qh5+ 67. Kg8 Qg6 68. Kh8 Kf7 0-1

[Event "CAN-ch Amateur U2100"]
[Site "Kitchener CAN"]
[Date "2010.08.02"]
[Round "7"]
[White "Siddeley, Hugh"]
[Black "Becker, Paul"]
[Result "0-1"]
[WhiteElo "2051"]
[BlackElo "2035"]
[PlyCount "122"]
[EventDate "2010.07.30"]
[EventType "swiss"]
[EventRounds "7"]
[EventCountry "CAN"]

1. e4 c5 2. Nf3 Nc6 3. d4 cxd4 4. Nxd4 Nf6 5. Nc3 d6 6. Bg5 e6 7. Qd2 a6 8.
O-O-O Bd7 9. Nb3 Qc7 10. f4 Be7 11. Bxf6 gxf6 12. f5 h5 13. Kb1 O-O-O 14. Bd3
Kb8 15. Rhf1 Rc8 16. Rf2 Ne5 17. h3 Qb6 18. Rdf1 a5 19. a4 Nc4 20. Qe2 Qb4 21.
Bxc4 Rxc4 22. Qd3 Rhc8 23. fxe6 fxe6 24. Na2 Qxa4 25. g4 hxg4 26. hxg4 R4c7 27.
Rh1 Bb5 28. Qe3 Bc4 29. Rh7 Qb5 30. Nc3 Qa6 31. Nd2 Bb5 32. Rh5 Be8 33. Rh7 a4
34. Na2 Qb5 35. c4 Qa5 36. Qa3 Qa7 37. Rg2 Qd4 38. Qc3 Qb6 39. Qa3 Qc6 40. Nc3
Qa6 41. Qb4 Bf8 42. Rh8 Bg7 43. Rg8 Bg6 44. Rxc8+ Rxc8 45. Qxa4 Qxa4 46. Nxa4
d5 47. Re2 Bh6 48. cxd5 exd5 49. Nb6 Re8 50. Ka2 Bxd2 51. Rxd2 Bxe4 52. Rd4 Kc7
53. Nc4 Rg8 54. Ne3 Kc6 55. Kb3 Kd6 56. Kc3 Ke5 57. Nf5 Bxf5 58. gxf5 Rg3+ 59.
Rd3 Rxd3+ 60. Kxd3 Kxf5 61. Kd4 Ke6 0-1

[Event "CAN-ch Amateur U2100"]
[Site "Kitchener CAN"]
[Date "2010.08.02"]
[Round "7"]
[White "Song, Terry"]
[Black "Zhou, Kevin"]
[Result "1-0"]
[WhiteElo "1943"]
[BlackElo "1862"]
[PlyCount "179"]
[EventDate "2010.07.30"]
[EventType "swiss"]
[EventRounds "7"]
[EventCountry "CAN"]

1. e4 e5 2. Nf3 Nc6 3. Bb5 a6 4. Ba4 Nf6 5. O-O Be7 6. Re1 b5 7. Bb3 d6 8. c3
O-O 9. Bc2 Bg4 10. d3 Nd7 11. Nbd2 Bg5 12. Nf1 Bxc1 13. Rxc1 Qf6 14. Ne3 Bxf3
15. gxf3 Ne7 16. d4 exd4 17. cxd4 Nc6 18. Nd5 Qxd4 19. Ne7+ Kh8 20. Nxc6 Qxb2
21. Bb3 Nc5 22. Qc2 Qf6 23. Qc3 Qg5+ 24. Kh1 f6 25. Rg1 Qh4 26. Rg2 Qh3 27. Ne7
b4 28. Qe3 Qd7 29. Nf5 g6 30. Nh4 Nxb3 31. axb3 Rg8 32. Qd4 a5 33. Qxf6+ Qg7
34. Qxg7+ Rxg7 35. f4 a4 36. bxa4 Rxa4 37. f3 c5 38. Rb2 Ra3 39. e5 dxe5 40.
Rxc5 exf4 41. Rxb4 Rf7 42. Rbc4 Kg7 43. Rc3 Ra1+ 44. Kg2 Kh6 45. Kh3 g5 46.
Nf5+ Kh5 47. Nd6 Rf6 48. Ne4 Rg6 49. Rc6 Ra6 50. Rxg6 Rxg6 51. Rd3 Rg7 52. Rd7
Rxd7 53. Nf6+ Kg6 54. Nxd7 Kf5 55. Nc5 h5 56. Nd3 g4+ 57. Kh4 gxf3 58. Nf2 Kg6
59. h3 Kh6 60. Nd3 Kg6 61. Nxf4+ Kf5 62. Nxh5 f2 63. Ng3+ Kg6 64. Nf1 Kh6 65.
Kg3 Kg5 66. Kxf2 Kh4 67. Kg2 Kh5 68. Kg3 Kg5 69. Nd2 Kh5 70. Nf3 Kh6 71. Kh4
Kg6 72. Ne5+ Kh6 73. Kg4 Kg7 74. Kg5 Kh7 75. Ng4 Kg7 76. Nf6 Kh8 77. Nd5 Kg7
78. Nf4 Kh7 79. Ne6 Kg8 80. Kh6 Kf7 81. h4 Kg8 82. Nf4 Kh8 83. Ng6+ Kg8 84. h5
Kf7 85. Kh7 Kf6 86. h6 Kf7 87. Ne5+ Kf8 88. Kg6 Kg8 89. h7+ Kh8 90. Nf7# 1-0

[Event "CAN-ch Post-Secondary"]
[Site "Toronto CAN"]
[Date "2010.01.15"]
[Round "1"]
[White "Cheng, Bobby"]
[Black "Abrahams, Daniel"]
[Result "1-0"]
[WhiteElo "2406"]
[BlackElo "2048"]
[PlyCount "37"]
[EventDate "2010.01.15"]
[EventType "team"]
[EventRounds "5"]
[EventCountry "CAN"]

1. d4 Nf6 2. Bg5 Ne4 3. Bf4 c5 4. f3 Qa5+ 5. c3 Nf6 6. Nd2 cxd4 7. Nb3 Qf5 8.
Bxb8 Rxb8 9. Qxd4 b6 10. e4 Qf4 11. Nh3 Qc7 12. e5 Ng8 13. O-O-O e6 14. Ng5 f6
15. exf6 Nxf6 16. Bb5 Ke7 17. Qb4+ Ke8 18. Nxe6 Qb7 19. Qf4 1-0

[Event "CAN-ch Post-Secondary"]
[Site "Toronto CAN"]
[Date "2010.01.15"]
[Round "1"]
[White "Longoni, C."]
[Black "Kruppa, J."]
[Result "1/2-1/2"]
[WhiteElo "1973"]
[BlackElo "2047"]
[PlyCount "61"]
[EventDate "2010.01.15"]
[EventType "team"]
[EventRounds "5"]
[EventCountry "CAN"]

1. d4 d5 2. Nf3 Nf6 3. e3 c5 4. b3 Nc6 5. Bb2 Bg4 6. h3 Bxf3 7. Qxf3 cxd4 8.
exd4 e6 9. Nd2 Qb6 10. Qe3 Rc8 11. a3 Be7 12. Bd3 O-O 13. O-O Rfd8 14. f4 g6
15. Nf3 a5 16. Kh1 Na7 17. g4 Bf8 18. Ne5 Nc6 19. Rad1 Bg7 20. Rg1 a4 21. b4
Nxe5 22. fxe5 Ne4 23. Bxe4 dxe4 24. Qxe4 Qc6 25. Qxc6 Rxc6 26. Rc1 Rdc8 27. c3
b5 28. Rc2 Rc4 29. Rd1 Rd8 30. Rcd2 Rd5 31. Rd3 1/2-1/2

[Event "CAN-ch Post-Secondary"]
[Site "Toronto CAN"]
[Date "2010.01.15"]
[Round "1"]
[White "Stevens, Fabian"]
[Black "Morrison, Mervyn K"]
[Result "1/2-1/2"]
[WhiteElo "2398"]
[BlackElo "2240"]
[PlyCount "82"]
[EventDate "2010.01.15"]
[EventType "team"]
[EventRounds "5"]
[EventCountry "CAN"]

1. e4 c5 2. Nf3 d6 3. c3 Nf6 4. Bc4 e6 5. Qe2 Nc6 6. Bb3 Be7 7. O-O O-O 8. d4
d5 9. e5 Ne4 10. Nbd2 Nxd2 11. Bxd2 Qb6 12. Be3 Bd7 13. Rfd1 Rac8 14. Bc2 f6
15. exf6 gxf6 16. dxc5 Bxc5 17. Bxc5 Qxc5 18. c4 d4 19. Qd3 Rf7 20. Nxd4 Nb4
21. Qe2 Nxc2 22. Nxc2 Qxc4 23. Qxc4 Rxc4 24. Ne3 Rc7 25. f4 Bc6 26. Rd6 Rcd7
27. Rad1 Rfe7 28. Ng4 Kg7 29. Kf2 Rxd6 30. Rxd6 Rd7 31. Rxd7+ Bxd7 32. Kg3 Bc6
33. Ne3 Kg6 34. f5+ exf5 35. Kf4 Be4 36. g3 Bb1 37. a3 Kf7 38. Nxf5 Ke6 39. Ne3
Kd6 40. Ng4 Ke6 41. Ne3 Kd6 1/2-1/2

[Event "CAN-ch Post-Secondary"]
[Site "Toronto CAN"]
[Date "2010.01.16"]
[Round "2"]
[White "Perelshteyn, Mikhail"]
[Black "Tuytebaeva, D."]
[Result "1-0"]
[WhiteElo "1999"]
[BlackElo "2211"]
[PlyCount "49"]
[EventDate "2010.01.15"]
[EventType "team"]
[EventRounds "5"]
[EventCountry "CAN"]

1. c4 Nf6 2. Nc3 e6 3. e4 d5 4. e5 d4 5. exf6 dxc3 6. bxc3 Qxf6 7. Nf3 e5 8. d4
exd4 9. Bg5 Qe6+ 10. Be2 f6 11. Nxd4 Qf7 12. Bh6 g6 13. Bxf8 Kxf8 14. O-O Kg7
15. Re1 Nd7 16. Bf3 c6 17. Ne6+ Kh6 18. Re4 g5 19. Rh4+ gxh4 20. Qd2+ Kg6 21.
Be4+ Kh5 22. Qe2+ Kh6 23. Qe3+ Kh5 24. Qf3+ Kh6 25. Qf4+ 1-0

[Event "CAN-ch Post-Secondary"]
[Site "Toronto CAN"]
[Date "2010.01.16"]
[Round "2"]
[White "Volobuyev, Artem"]
[Black "Derrett, Ben"]
[Result "1-0"]
[WhiteElo "2286"]
[BlackElo "2129"]
[PlyCount "71"]
[EventDate "2010.01.15"]
[EventType "team"]
[EventRounds "5"]
[EventCountry "CAN"]

1. c4 Nf6 2. Nc3 e5 3. g3 Bc5 4. Bg2 O-O 5. e3 Nc6 6. Nge2 d6 7. d4 exd4 8.
exd4 Bb4 9. O-O h6 10. Nb1 Re8 11. h3 Ba5 12. Be3 Ne7 13. a3 c6 14. b4 Bc7 15.
Nbc3 d5 16. c5 Nf5 17. Bf4 Bxf4 18. Nxf4 Ne4 19. Nxe4 dxe4 20. d5 cxd5 21. Nxd5
Re5 22. Nc3 Qe8 23. g4 e3 24. gxf5 e2 25. Nxe2 Rxe2 26. Re1 Re5 27. f6 gxf6 28.
Qd2 Kg7 29. f4 Re7 30. Rxe7 Qxe7 31. Re1 Qc7 32. Re8 a5 33. Qf2 f5 34. Qg3+ Kf6
35. Qc3+ Kg6 36. Rg8+ 1-0

[Event "CAN-ch Post-Secondary"]
[Site "Toronto CAN"]
[Date "2010.01.16"]
[Round "3"]
[White "Derrett, Ben"]
[Black "Stevens, Fabian"]
[Result "1/2-1/2"]
[WhiteElo "2129"]
[BlackElo "2398"]
[PlyCount "78"]
[EventDate "2010.01.15"]
[EventType "team"]
[EventRounds "5"]
[EventCountry "CAN"]

1. e4 c5 2. c3 Nf6 3. e5 Nd5 4. d4 cxd4 5. cxd4 Nc6 6. Nf3 d6 7. exd6 Qxd6 8.
Be2 Bg4 9. O-O e6 10. Nc3 Rd8 11. Re1 Be7 12. h3 Bh5 13. a3 O-O 14. Ne4 Qb8 15.
Ng3 Bg6 16. Bb5 Qc7 17. Qe2 a6 18. Bxc6 Qxc6 19. Ne5 Qa4 20. Nxg6 hxg6 21. Rd1
Rc8 22. Qd3 Qc2 23. Ne4 Qxd3 24. Rxd3 Rc2 25. Rb1 Rfc8 26. Bd2 Rd8 27. Kf1 Nf6
28. Rc3 Rxc3 29. Nxf6+ Bxf6 30. bxc3 b5 31. f4 Rc8 32. a4 bxa4 33. Ra1 Rb8 34.
Rxa4 Rb2 35. Ke2 g5 36. Rxa6 gxf4 37. Ra5 g5 38. Kd3 Kf8 39. Ra1 e5 1/2-1/2

[Event "CAN-ch Post-Secondary"]
[Site "Toronto CAN"]
[Date "2010.01.16"]
[Round "3"]
[White "Morrison, Mervyn K"]
[Black "Volobuyev, Artem"]
[Result "0-1"]
[WhiteElo "2240"]
[BlackElo "2286"]
[PlyCount "128"]
[EventDate "2010.01.15"]
[EventType "team"]
[EventRounds "5"]
[EventCountry "CAN"]

1. d4 d5 2. c4 e6 3. Nc3 Be7 4. cxd5 exd5 5. Bf4 c6 6. Qc2 Nf6 7. e3 Nbd7 8.
Bd3 Nf8 9. Nf3 Ne6 10. Bg3 g6 11. O-O Ng7 12. Rab1 a5 13. Rfc1 O-O 14. h3 Bf5
15. Na4 Ne4 16. Bh2 h5 17. Nd2 Nd6 18. Nc5 Bc8 19. Nf3 Ngf5 20. Ne5 Bg5 21. Re1
Kg7 22. a4 Re8 23. Qc3 Nh4 24. Qc2 Bf5 25. b4 Bxd3 26. Nexd3 b6 27. Nb3 Nc4 28.
Rbc1 axb4 29. Nxb4 Qd7 30. Ra1 Be7 31. Nd3 Bd6 32. Bxd6 Qxd6 33. Nd2 Nxd2 34.
Qxd2 Rec8 35. a5 b5 36. Rec1 Qd7 37. Qe2 Nf5 38. Ne5 Qe6 39. Nd3 Kg8 40. a6
Nxd4 41. Qb2 Nf5 42. Nc5 Qe7 43. Rc2 Nd6 44. Qd4 Nc4 45. Rcc1 Rc7 46. Re1 Qe5
47. Qxe5 Nxe5 48. Kf1 Kf8 49. Ke2 Ke7 50. f4 Nd7 51. Nd3 Kd6 52. Ra5 Rca7 53.
Rea1 Nc5 54. Nxc5 Kxc5 55. Rf1 Rxa6 56. Rxa6 Rxa6 57. f5 Ra2+ 58. Kf3 b4 59. f6
b3 60. Kf4 b2 61. Rb1 Kc4 62. Kg5 Kc3 63. Kh6 Kc2 64. Rxb2+ Rxb2 0-1

[Event "CAN-ch Post-Secondary"]
[Site "Toronto CAN"]
[Date "2010.01.16"]
[Round "3"]
[White "Perelshteyn, Mikhail"]
[Black "Abrahams, Daniel"]
[Result "0-1"]
[WhiteElo "1999"]
[BlackElo "2048"]
[PlyCount "74"]
[EventDate "2010.01.15"]
[EventType "team"]
[EventRounds "5"]
[EventCountry "CAN"]

1. c4 e6 2. Nc3 b6 3. e4 c5 4. Nf3 a6 5. g3 Bb7 6. Bg2 Qc7 7. O-O d6 8. b3 g6
9. Bb2 e5 10. d3 Ne7 11. Nd2 Nbc6 12. f4 Bg7 13. f5 Bh6 14. f6 Ng8 15. Nd5 Qd8
16. h4 Nd4 17. Bxd4 Bxd5 18. Bxe5 dxe5 19. exd5 Nxf6 20. Nf3 Ng4 21. Qe2 O-O
22. Ng5 Bxg5 23. Qxg4 Be3+ 24. Kh1 Qd6 25. Qf3 Bd4 26. Rae1 Kg7 27. g4 f5 28.
Bh3 f4 29. Re2 b5 30. g5 bxc4 31. dxc4 a5 32. Be6 a4 33. Rh2 Qe7 34. Qg4 axb3
35. h5 Rxa2 36. hxg6 Rh8 37. Ra1 Bxa1 0-1

[Event "CAN-ch Post-Secondary"]
[Site "Toronto CAN"]
[Date "2010.01.17"]
[Round "4"]
[White "Derrett, Ben"]
[Black "Morrison, Mervyn K"]
[Result "1-0"]
[WhiteElo "2129"]
[BlackElo "2240"]
[PlyCount "89"]
[EventDate "2010.01.15"]
[EventType "team"]
[EventRounds "5"]
[EventCountry "CAN"]

1. e4 c5 2. c3 Nf6 3. e5 Nd5 4. d4 cxd4 5. cxd4 d6 6. exd6 Qxd6 7. Nc3 g6 8.
Bc4 Nxc3 9. bxc3 Bg7 10. Nf3 O-O 11. Qb3 Nc6 12. Ng5 Qf6 13. Ne4 Qf5 14. Bd3
Qd7 15. O-O Na5 16. Qd1 b6 17. Bf4 Bb7 18. Qe2 Rac8 19. Rac1 Qd5 20. f3 Nc4 21.
Kh1 Rfd8 22. Rfd1 Ba6 23. Nf2 e6 24. Ng4 Bb7 25. Be4 Qd7 26. Bg5 Re8 27. Nf6+
Bxf6 28. Bxf6 Bd5 29. Qf2 Qd6 30. Qh4 Qf8 31. Re1 h6 32. Qg4 Bxe4 33. fxe4 Kh7
34. h4 Qa3 35. Qe2 b5 36. Qf2 Rc7 37. d5 Qc5 38. Bd4 Qe7 39. Bf6 Qd7 40. Qg3
Rcc8 41. Rcd1 exd5 42. Rxd5 Qe6 43. Bd4 a6 44. Rf1 Re7 45. Qf4 1-0

[Event "CAN-ch Post-Secondary"]
[Site "Toronto CAN"]
[Date "2010.01.17"]
[Round "4"]
[White "Stevens, Fabian"]
[Black "Longoni, C."]
[Result "1-0"]
[WhiteElo "2398"]
[BlackElo "1973"]
[PlyCount "65"]
[EventDate "2010.01.15"]
[EventType "team"]
[EventRounds "5"]
[EventCountry "CAN"]

1. d4 d5 2. Nf3 Nf6 3. Bf4 c5 4. e3 Qb6 5. Nc3 Bd7 6. Rb1 e6 7. Be2 Bd6 8. Ne5
O-O 9. O-O cxd4 10. exd4 Rd8 11. Bd3 Nc6 12. Nxc6 Bxc6 13. Bg5 Be7 14. Ne2 Bb5
15. c3 Qa6 16. Bxb5 Qxb5 17. Nf4 h6 18. Bxf6 Bxf6 19. Qg4 Be7 20. Nh5 Bf8 21.
f4 Qd3 22. Rbd1 Qf5 23. Qf3 Qe4 24. Qf2 Qg6 25. Ng3 Re8 26. f5 exf5 27. Nxf5
Re4 28. Rd3 Rae8 29. Rg3 Qe6 30. Nxh6+ Qxh6 31. Qxf7+ Kh7 32. Rh3 Qxh3 33. gxh3
1-0

[Event "CAN-ch Post-Secondary"]
[Site "Toronto CAN"]
[Date "2010.01.17"]
[Round "4"]
[White "Tuytebaeva, D."]
[Black "Volobuyev, Artem"]
[Result "0-1"]
[WhiteElo "2211"]
[BlackElo "2284"]
[PlyCount "84"]
[EventDate "2010.01.15"]
[EventType "team"]
[EventRounds "5"]
[EventCountry "CAN"]

1. e4 e5 2. Nf3 Nc6 3. Bb5 Nf6 4. O-O Nxe4 5. d4 Nd6 6. Bxc6 dxc6 7. dxe5 Nf5
8. Qxd8+ Kxd8 9. Nc3 h6 10. h3 Ke8 11. Bf4 Be6 12. g4 Ne7 13. Nd4 Nd5 14. Nce2
Nxf4 15. Nxf4 Bc4 16. Rfe1 Bc5 17. Nf5 g6 18. Ne3 Ba6 19. c3 b6 20. b4 Be7 21.
Rad1 Rd8 22. Rxd8+ Kxd8 23. a4 h5 24. e6 Bd6 25. Neg2 Ke8 26. gxh5 g5 27. exf7+
Kxf7 28. Ne6 Kf6 29. f4 gxf4 30. Nexf4 Bc4 31. Kf2 c5 32. b5 Bb3 33. Re4 c4 34.
Ne3 Bxa4 35. Nxc4 Bc5+ 36. Ne3 Bxb5 37. Nfd5+ Kf7 38. Nxc7 Bc6 39. Re5 a5 40.
Kg3 a4 41. Rf5+ Ke7 42. Na6 Bb5 0-1

[Event "CAN-ch Seniors"]
[Site "Kitchener CAN"]
[Date "2010.07.30"]
[Round "1"]
[White "Damsic, Joe"]
[Black "Kiss, Istvan3"]
[Result "0-1"]
[WhiteElo "1917"]
[BlackElo "1825"]
[PlyCount "66"]
[EventDate "2010.07.30"]
[EventType "swiss"]
[EventRounds "7"]
[EventCountry "CAN"]

1. e4 c5 2. Nf3 g6 3. d4 Bg7 4. Nc3 cxd4 5. Nxd4 Nc6 6. Nce2 a6 7. g3 e5 8.
Nxc6 bxc6 9. Nc3 Qc7 10. Bc4 Nf6 11. O-O O-O 12. f4 Bb7 13. Be3 d5 14. exd5
cxd5 15. fxe5 Ne4 16. Nxe4 dxe4 17. Bb3 Bxe5 18. c3 Bxg3 19. Qe2 Bd6 20. Rf2 a5
21. a3 Bc5 22. Raf1 Qb6 23. Bxc5 Qxc5 24. Re1 Rae8 25. Qe3 Qxe3 26. Rxe3 Kg7
27. Bc2 f5 28. Rd2 Re7 29. b4 f4 30. Re1 e3 31. Rd4 f3 32. Kf1 f2 33. Re2 Bg2+
0-1

[Event "CAN-ch Seniors"]
[Site "Kitchener CAN"]
[Date "2010.07.30"]
[Round "1"]
[White "Maheux, Pierre"]
[Black "Archibald, Colin"]
[Result "1-0"]
[WhiteElo "1846"]
[BlackElo "1420"]
[PlyCount "85"]
[EventDate "2010.07.30"]
[EventType "swiss"]
[EventRounds "7"]
[EventCountry "CAN"]

1. e4 g6 2. d4 b6 3. Nf3 Bg7 4. Bc4 h6 5. O-O e6 6. Nc3 Ne7 7. Re1 Bb7 8. Be3
a6 9. a4 d6 10. Qd2 Nd7 11. Rad1 g5 12. h4 g4 13. Nh2 h5 14. Bg5 Nf8 15. f4
gxf3 16. Nxf3 Nfg6 17. Qf2 Qd7 18. b4 Rf8 19. e5 d5 20. Be2 Rh8 21. Bd3 Ng8 22.
Rf1 Rc8 23. b5 a5 24. Qg3 N8e7 25. Bxe7 Qxe7 26. Bxg6 fxg6 27. Qxg6+ Kd7 28.
Ng5 Rcf8 29. Nxe6 Qxe6 30. Qxg7+ Qe7 31. Qxe7+ Kxe7 32. Rxf8 Rxf8 33. Rf1 Rxf1+
34. Kxf1 Ke6 35. Kf2 Bc8 36. Kf3 Bd7 37. g4 hxg4+ 38. Kxg4 Kf7+ 39. Kg5 Be6 40.
h5 Ke7 41. Kh6 Kf7 42. Ne2 Kg8 43. Nf4 1-0

[Event "CAN-ch Seniors"]
[Site "Kitchener CAN"]
[Date "2010.07.30"]
[Round "1"]
[White "Solis, Jaime"]
[Black "Finlay, Ian"]
[Result "1/2-1/2"]
[WhiteElo "1828"]
[BlackElo "1934"]
[PlyCount "116"]
[EventDate "2010.07.30"]
[EventType "swiss"]
[EventRounds "7"]
[EventCountry "CAN"]

1. e4 c5 2. Nf3 e6 3. d4 cxd4 4. Nxd4 Nc6 5. Be3 Nf6 6. Bd3 Be7 7. O-O Ne5 8.
h3 d5 9. Nd2 Nxd3 10. cxd3 O-O 11. N4f3 dxe4 12. dxe4 b6 13. Re1 Bb7 14. Bf4
Rc8 15. Qb3 Bc5 16. Rad1 Nh5 17. Be3 Qe7 18. a3 h6 19. Rc1 Rfd8 20. Bxc5 Rxc5
21. Rxc5 Qxc5 22. Qc4 Qe7 23. b4 Nf4 24. Ra1 e5 25. Kh2 Nd3 26. Kg1 Kh7 27. Rb1
Nf4 28. Kh2 Rc8 29. Qb3 Qc7 30. g3 Ne2 31. Qe3 Nd4 32. Nxd4 exd4 33. Qxd4 Rd8
34. Qc4 Qxc4 35. Nxc4 Bxe4 36. Rb2 Rd1 37. g4 g5 38. Ne3 Rh1+ 39. Kg3 Rg1+ 40.
Kh2 Ra1 41. Rb3 Kg6 42. Rc3 h5 43. gxh5+ Kxh5 44. Ng2 Ra2 45. f3 Bd5 46. Kg1 b5
47. h4 f6 48. hxg5 fxg5 49. Kf1 Bc4+ 50. Kg1 Ra1+ 51. Kf2 Rf1+ 52. Kg3 Rg1 53.
Kf2 Ra1 54. Kg3 Ra2 55. Ne3 Kg6 56. Nxc4 bxc4 57. Rxc4 Rxa3 58. Kg4 Ra4 1/2-1/2

[Event "CAN-ch Seniors"]
[Site "Kitchener CAN"]
[Date "2010.07.30"]
[Round "1"]
[White "Verny, Thomas"]
[Black "Deline, Ralph"]
[Result "0-1"]
[WhiteElo "1725"]
[BlackElo "1887"]
[PlyCount "70"]
[EventDate "2010.07.30"]
[EventType "swiss"]
[EventRounds "7"]
[EventCountry "CAN"]

1. d4 d5 2. Nf3 Nf6 3. c4 e6 4. Nc3 Be7 5. e3 c6 6. Bd3 dxc4 7. Bxc4 O-O 8. O-O
Nbd7 9. Bb3 b5 10. Qd3 Nc5 11. Qc2 Nxb3 12. Qxb3 a5 13. a4 b4 14. Ne2 Ba6 15.
Re1 c5 16. dxc5 Bxc5 17. Ned4 Qd5 18. Qxd5 exd5 19. Nb3 Bb6 20. Nfd4 Rac8 21.
f3 Rfe8 22. Nf5 Re5 23. Nfd4 Bc4 24. Rb1 g6 25. Bd2 Nd7 26. Kh1 f5 27. f4 Ree8
28. Nc1 Nf6 29. b3 Ba6 30. Nce2 Ne4 31. Bc1 Nf2+ 32. Kg1 Ng4 33. g3 Nxe3 34.
Bxe3 Rxe3 35. Kg2 Rce8 0-1

[Event "CAN-ch Seniors"]
[Site "Kitchener CAN"]
[Date "2010.07.31"]
[Round "2"]
[White "Archibald, Colin"]
[Black "Verny, Thomas"]
[Result "0-1"]
[WhiteElo "1420"]
[BlackElo "1725"]
[PlyCount "78"]
[EventDate "2010.07.30"]
[EventType "swiss"]
[EventRounds "7"]
[EventCountry "CAN"]

1. d4 Nf6 2. Bf4 d5 3. Nf3 e6 4. h3 c5 5. e3 Nc6 6. c3 Bd6 7. Bxd6 Qxd6 8. Bd3
O-O 9. O-O b6 10. Nbd2 c4 11. Bc2 Ba6 12. Re1 Nd7 13. b4 f5 14. a4 b5 15. a5
Nf6 16. Nf1 Ne4 17. Bxe4 fxe4 18. N3h2 Rf6 19. f4 exf3 20. Nxf3 Re8 21. e4 dxe4
22. Rxe4 Bb7 23. Re3 Ne7 24. Ne5 Nd5 25. Rg3 Nf4 26. Qg4 Re7 27. Ne3 h5 28. Qg5
Ne2+ 29. Kh2 Nxg3 30. Kxg3 Rh6 31. Rf1 Bc6 32. Kh4 Be8 33. g3 a6 34. Rf3 Rc7
35. Ng2 Qe7 36. Nf4 Qxg5+ 37. Kxg5 Re7 38. Re3 Rf6 39. Nf3 Rf5+ 0-1

[Event "CAN-ch Seniors"]
[Site "Kitchener CAN"]
[Date "2010.07.31"]
[Round "2"]
[White "Deline, Ralph"]
[Black "Maheux, Pierre"]
[Result "1/2-1/2"]
[WhiteElo "1887"]
[BlackElo "1846"]
[PlyCount "104"]
[EventDate "2010.07.30"]
[EventType "swiss"]
[EventRounds "7"]
[EventCountry "CAN"]

1. e4 c5 2. c3 e6 3. d4 cxd4 4. cxd4 Nf6 5. e5 Nd5 6. Nf3 Nc6 7. Bc4 Nb6 8. Bb3
d5 9. exd6 Bxd6 10. O-O O-O 11. Nc3 Bd7 12. Be3 Na5 13. Bc2 Nac4 14. Qd3 f5 15.
Rab1 Nxe3 16. fxe3 Rc8 17. Bb3 Kh8 18. Rbe1 Qf6 19. e4 Qh6 20. e5 Bb4 21. d5
Bxc3 22. bxc3 Nxd5 23. Bxd5 exd5 24. Qxd5 Bc6 25. Qa5 Be4 26. Rd1 Qe3+ 27. Kh1
Rxc3 28. Rfe1 Qc5 29. Rd8 Kg8 30. Rxf8+ Kxf8 31. Qd8+ Kf7 32. Ng5+ Kg6 33. Nxe4
fxe4 34. Qe8+ Kh6 35. Rf1 e3 36. g4 Qc6+ 37. Qxc6+ bxc6 38. Re1 Kg6 39. Kg2 Kf7
40. Kf3 Ke6 41. Rb1 Rd3 42. Rb7 Rd7 43. Rxd7 Kxd7 44. Kxe3 Ke6 45. Kd4 g6 46.
a4 h5 47. gxh5 gxh5 48. a5 h4 49. a6 h3 50. Kc5 Kd7 51. e6+ Kxe6 52. Kxc6 Ke7
1/2-1/2

[Event "CAN-ch Seniors"]
[Site "Kitchener CAN"]
[Date "2010.07.31"]
[Round "2"]
[White "Finlay, Ian"]
[Black "Glew, Richard"]
[Result "1-0"]
[WhiteElo "1934"]
[BlackElo "1826"]
[PlyCount "91"]
[EventDate "2010.07.30"]
[EventType "swiss"]
[EventRounds "7"]
[EventCountry "CAN"]

1. e4 c5 2. Nf3 Nc6 3. d4 cxd4 4. Nxd4 Nf6 5. Nc3 d6 6. Bc4 e6 7. Bb3 Be7 8.
Be3 a6 9. f4 Qc7 10. Qf3 Nxd4 11. Bxd4 e5 12. Be3 Be6 13. O-O Bxb3 14. cxb3 O-O
15. Rac1 Qa5 16. g4 exf4 17. Bxf4 g5 18. Be3 Qe5 19. Qg2 h6 20. Rf5 Qe6 21.
Rcf1 Nh7 22. Nd5 Rac8 23. Bd4 f6 24. Qf3 Kg7 25. Bc3 Rc5 26. Ne3 Qc8 27. b4
Rxc3 28. bxc3 Qxc3 29. Rd5 Rc8 30. Nf5+ Kf8 31. Qxc3 Rxc3 32. Nxh6 Rc4 33. b5
Rxe4 34. Rc1 Ra4 35. Rc8+ Kg7 36. Nf5+ Kf7 37. h3 Rxa2 38. Rc7 Re2 39. b6 Nf8
40. Rxd6 Ng6 41. Rdd7 Ke8 42. Nxe7 Nxe7 43. Rxb7 Nc6 44. Rh7 Re7 45. Rbxe7+
Nxe7 46. Rxe7+ 1-0

[Event "CAN-ch Seniors"]
[Site "Kitchener CAN"]
[Date "2010.07.31"]
[Round "2"]
[White "Kiss, Istvan3"]
[Black "Solis, Jaime"]
[Result "0-1"]
[WhiteElo "1825"]
[BlackElo "1828"]
[PlyCount "96"]
[EventDate "2010.07.30"]
[EventType "swiss"]
[EventRounds "7"]
[EventCountry "CAN"]

1. e4 e5 2. Nf3 Nc6 3. Bb5 a6 4. Ba4 Nf6 5. O-O Be7 6. Qe2 b5 7. Bb3 d6 8. c3
O-O 9. d4 Bg4 10. Rd1 h6 11. Bc2 Qc8 12. Be3 Bh5 13. Nbd2 Ng4 14. Nf1 Nxe3 15.
Nxe3 Re8 16. h3 Bf8 17. d5 Ne7 18. g4 Bg6 19. Nh4 Bh7 20. Nef5 Ng6 21. Nxg6
fxg6 22. Ng3 Be7 23. a4 Qd7 24. Bd3 Rab8 25. axb5 axb5 26. Ra5 Rf8 27. Bxb5 Qc8
28. b4 Bh4 29. Rf1 h5 30. c4 Rf4 31. Ra3 hxg4 32. hxg4 Kh8 33. Kg2 Rxg4 34. Rh1
g5 35. Re3 g6 36. Rh3 Rf4 37. Rf3 g4 38. Rxf4 gxh3+ 39. Kh2 exf4 40. Nf1 Kg7
41. e5 dxe5 42. Qxe5+ Bf6 43. Qxf4 Qd8 44. Ng3 Qd6 45. Qe4 Be5 46. Kxh3 Bxg3
47. fxg3 Rf8 48. Qd4+ Qf6 0-1